00416nam a2200121Ia 4500008004100000245010200041260004500143260000900188300000900197500001200206650001300218856006300231170516s9999 xx 000 0 und d aContinuous melt granulation to develop high drug loaded sustained release tablet of Metformin HCl bAsian Journal of Pharmaceutical Sciences c2017 a12:1 aJanuary xPharmacy uhttp://www.sciencedirect.com/science/journal/18180876/12/1